Llwytho...

INDUSTRIAL MICROBIOLOGY

Manylion Llyfryddiaeth
Prif Awdur: PRESCOTT,SAMUEL C & DUNN,CECIL G
Fformat: Printed Book
Cyhoeddwyd: JODHPUR AGROBIOS 2002
Pynciau:
LEADER 00534nam a2200193 4500
020 |a 8177541498 
037
082 |a 660.62 PRE 
100 |a PRESCOTT,SAMUEL C & DUNN,CECIL G 
245 |a INDUSTRIAL MICROBIOLOGY  |h English 
250
260 |a JODHPUR  |b AGROBIOS  |c 2002 
300 |a 923  |f HB 
500
590
650 |a INDUSTRIAL MICROBIOLOGY-- BACTERIA-- PICKLES 
942 |c BK 
999 |c 131458  |d 131458 
952 |0 0  |1 0  |4 0  |6 660_620000000000000_PRE  |7 0  |9 144920  |a BTY  |b BTY  |l 0  |o 660.62 PRE  |p BTY861  |r 2019-10-24  |w 2019-10-24  |y BK